<?xml version="1.0" encoding="UTF-8"?>
<record
    xmlns:xsi="http://www.w3.org/2001/XMLSchema-instance"
    xsi:schemaLocation="http://www.loc.gov/MARC21/slim http://www.loc.gov/standards/marcxml/schema/MARC21slim.xsd"
    xmlns="http://www.loc.gov/MARC21/slim">

  <leader>02073nam a22002657a 4500</leader>
  <controlfield tag="003">CUTN</controlfield>
  <controlfield tag="005">20230714171702.0</controlfield>
  <controlfield tag="008">230714b        |||||||| |||| 00| 0 eng d</controlfield>
  <datafield tag="020" ind1=" " ind2=" ">
    <subfield code="a">9781032192147</subfield>
  </datafield>
  <datafield tag="020" ind1=" " ind2=" ">
    <subfield code="a">9781032192192</subfield>
  </datafield>
  <datafield tag="020" ind1=" " ind2=" ">
    <subfield code="z">9781003258186</subfield>
  </datafield>
  <datafield tag="041" ind1=" " ind2=" ">
    <subfield code="a">English</subfield>
  </datafield>
  <datafield tag="082" ind1="0" ind2="0">
    <subfield code="a">338.479</subfield>
    <subfield code="2">23</subfield>
    <subfield code="b">VAN</subfield>
  </datafield>
  <datafield tag="100" ind1="1" ind2=" ">
    <subfield code="a">Vanhove, Norbert.</subfield>
  </datafield>
  <datafield tag="245" ind1="1" ind2="4">
    <subfield code="a">The economics of tourism destinations :</subfield>
    <subfield code="b">theory and practice /</subfield>
    <subfield code="c">Norbert Vanhove.</subfield>
  </datafield>
  <datafield tag="250" ind1=" " ind2=" ">
    <subfield code="a">4th ed.</subfield>
  </datafield>
  <datafield tag="300" ind1=" " ind2=" ">
    <subfield code="a">xxiv, 476 p. :</subfield>
    <subfield code="b">ill. pbk. ;</subfield>
    <subfield code="c">25 cm</subfield>
  </datafield>
  <datafield tag="500" ind1=" " ind2=" ">
    <subfield code="a">"First edition published by Butterworth-Heinemann, 2004. Third edition published by Routledge 2017"--T.p. verso.</subfield>
  </datafield>
  <datafield tag="504" ind1=" " ind2=" ">
    <subfield code="a">Includes bibliographical references and index.</subfield>
  </datafield>
  <datafield tag="505" ind1="0" ind2=" ">
    <subfield code="a">The Economic Characteristics of the Tourism Sector -- Measuring Tourism -- Tourism Demand -- Overtourism -- Tourism's Vulnerability: Terrorism and Pandemics -- Overtourism -- Tourism's Vulnerability: Terrorism and Pandemics -- Tourism Supply -- Pricing and Taxation -- Competition and the Tourism Destination -- Forecasting Tourism Demand -- Tourism as a Development Strategy -- Tourism Export-led Growth -- The Economic Impact of Tourism -- Micro-Evaluation of Projects in the Tourism and Hospitality Industry -- Macro-Evaluation of Projects in the Tourism and Hospitality Industry -- Tourism and Sustainable Development.</subfield>
  </datafield>
  <datafield tag="520" ind1=" " ind2=" ">
    <subfield code="a">"Revised and updated, the fourth edition of The Economics of Tourism Destinations provides a succinct guide to the economic aspects of tourism for students and practitioners alike to decipher the methods of measurement of supply, demand, trends and impacts as well as the role of tourism in a development strategy for destinations and regional development. Combining macro and micro aspects of economic to the tourism destination, this book is an invaluable resource for students studying this topic"--</subfield>
  </datafield>
  <datafield tag="650" ind1=" " ind2="0">
    <subfield code="a">Tourism.</subfield>
  </datafield>
  <datafield tag="776" ind1="0" ind2="8">
    <subfield code="i">Online version:</subfield>
    <subfield code="a">Vanhove, Norbert.</subfield>
    <subfield code="t">Economics of tourism destinations</subfield>
    <subfield code="b">Fourth Edition.</subfield>
    <subfield code="d">New York : Routledge, 2022</subfield>
    <subfield code="z">9781003258186</subfield>
    <subfield code="w">(DLC) 2021058198</subfield>
  </datafield>
  <datafield tag="942" ind1=" " ind2=" ">
    <subfield code="2">ddc</subfield>
    <subfield code="c">BOOKS</subfield>
  </datafield>
  <datafield tag="999" ind1=" " ind2=" ">
    <subfield code="c">39301</subfield>
    <subfield code="d">39301</subfield>
  </datafield>
  <datafield tag="952" ind1=" " ind2=" ">
    <subfield code="0">0</subfield>
    <subfield code="1">0</subfield>
    <subfield code="2">ddc</subfield>
    <subfield code="4">0</subfield>
    <subfield code="7">0</subfield>
    <subfield code="8">NFIC</subfield>
    <subfield code="a">CUTN</subfield>
    <subfield code="b">CUTN</subfield>
    <subfield code="c">300</subfield>
    <subfield code="d">2023-07-14</subfield>
    <subfield code="l">0</subfield>
    <subfield code="o">338.479 VAN</subfield>
    <subfield code="p">46652</subfield>
    <subfield code="r">2023-07-14 17:17:28</subfield>
    <subfield code="w">2023-07-14</subfield>
    <subfield code="y">BOOKS</subfield>
  </datafield>
</record>
